Avatar: the Avatars and their Bending Teachers - Statistics

General Stats
  • This quiz has been taken 60 times
  • The average score is 7 of 17
Answer Stats
Avatar Water Earth Fire Air % Correct
Aang Pakku Toph Zuko Gyatso
100%
Korra Katara N/A Yim Tenzin
98%
Toph
96%
Zuko
96%
Gyatso
86%
Tenzin
84%
Sozin
25%
Sud
24%
Hei-Ran
20%
Rangi
20%
Kelsang
14%
Lek
10%
Jianzhu
8%
Kyoshi Kirima Lek Rangi N/A
6%
Roku Taqukaq Sud Sozin Monk Xay
2%
Xay
2%
Yim
2%
No matching quizzes found
Score Distribution
Percent of People with Each Score
Percentile by Number Answered
Your Score History
You have not taken this quiz